00924nam a2200205 a 450000100100000000500170001000800410002702000150006804000250008310000460010824501280015426000720028230000340035449000340038850400730042271000600049583000410055595201050059699900170070100004116520201002034655.0130920s1992 sp 000 0 spa d a8400072359 aDO-SdBNPbspacBNPHU1 aPuerto Sarmiento, Francisco Javier96772113aCiencia de cámara :bCasimiro Gómez Ortega (1741-1818), el científico cortesano /cFrancisco Javier Puerto Sarmiento. aMadrid :bConsejo Superior de Investigaciones Científicas,c1992. aXVIII, 369 p :bil. ;c22 cm.1 aEstudios sobre la cienciav17 aIncluye referencias bibliográficas y notas al pie de las páginas2 aConsejo Superior de Investigaciones Científicas94786 0aEstudios sobre la cienciav17938739 001050718MOaGRbGRcCTd2013-09-20iLF1l0o p41165-10r2020-06-25w2020-06-25y1ZNo se presta c40655d40655